000 00467nam a22001577a 4500
003 OSt
005 20260121105004.0
008 260121b |||||||| |||| 00| 0 eng d
040 _cMRSPTU
041 _aEnglish
100 _aDeeksha Kapil, Supervisor: Abhilasha
245 _aFace Recognition of Blurred Images using Image Enhancement and Texture Features
260 _bDepartment of CSE, MRSPTU, Bathinda
_c2015
650 _aComputer Science
942 _2ddc
_cTH
_n0
999 _c10707
_d10707